[Event "Titled Tuesday intern op 12th Jan"]
[Site "Chess.com INT"]
[Date "2021.01.12"]
[Round "1"]
[White "Koellner, Ruben Gideon"]
[Black "Kolar, Pavel"]
[Result "1-0"]
[WhiteElo "2412"]
[BlackElo "2156"]
[PlyCount "131"]
[EventDate "2021.01.12"]
[EventType "swiss (blitz)"]
[EventRounds "11"]
[EventCountry "USA"]
[SourceTitle "CBM 200 Extra"]
[Source "ChessBase"]
[SourceDate "2021.03.31"]
[SourceVersion "1"]
[SourceVersionDate "2021.03.31"]
[SourceQuality "1"]

1. d4 d5 2. Bf4 e6 3. e3 Bd6 4. Bg3 Nf6 5. Nf3 0-0 6. Nbd2 b6 7. Bd3 Bb7 8. Ne5 Nbd7 9. f4 Ne4 10. Qf3 Nxd2 11. Kxd2 c5 12. c3 cxd4 13. exd4 f6 14. Qh5 f5 15. Bh4 Nf6 16. Bxf6 Qxf6 17. Rae1 Bxe5 18. Rxe5 Bc6 19. Rhe1 Bd7 20. Qe2 Qh6 21. g3 Rae8 22. h4 Qf6 23. Bb5 Bxb5 24. Qxb5 Re7 25. R1e3 Rfe8 26. a4 Qg6 27. Qe2 h5 28. Kc2 Qg4 29. Qxg4 hxg4 30. b3 Kf7 31. c4 Rc8 32. Kd3 dxc4+ 33. bxc4 Rec7 34. Rxe6 Rxc4 35. Re7+ Kf8 36. Rxa7 Rc3+ 37. Ke2 Rc2+ 38. Kf1 Rc1+ 39. Kf2 Rd1 40. Re5 g6 41. Rd7 Rd2+ 42. Re2 Rd3 43. Rb2 Rf3+ 44. Ke2 Rxg3 45. Rxb6 Rg2+ 46. Kd3 Rg3+ 47. Ke2 Rg2+ 48. Kd3 Rg3+ 49. Kd2 Ra3 50. Rb2 Rxa4 51. Rc2 Re8 52. Rcc7 Ra2+ 53. Kc3 Re3+ 54. Kb4 Rb2+ 55. Kc5 Rc2+ 56. Kd6 Rxc7 57. Rxc7 g3 58. Rc2 Rd3 59. d5 Rf3 60. Rg2 Kf7 61. Kd7 Rxf4 62. Rxg3 Rxh4 63. d6 Rd4 64. Rc3 f4 65. Kc7 g5 66. Rc5 1-0

[Event "Titled Tuesday intern op 22nd Dec"]
[Site "Chess.com INT"]
[Date "2020.12.22"]
[Round "5"]
[White "Kolar, Pavel"]
[Black "Damjanovic, Vladimir"]
[Result "1-0"]
[WhiteElo "2156"]
[BlackElo "2393"]
[PlyCount "69"]
[EventDate "2020.12.22"]
[EventType "swiss (blitz)"]
[EventRounds "11"]
[EventCountry "USA"]
[SourceTitle "CBM 199 Extra"]
[Source "ChessBase"]
[SourceDate "2021.01.31"]
[SourceVersion "1"]
[SourceVersionDate "2021.01.31"]
[SourceQuality "1"]

1. e4 g6 2. d4 Bg7 3. Nf3 d6 4. Nc3 Nf6 5. Be3 0-0 6. Qd2 Bg4 7. Be2 Nc6 8. 0-0-0 d5 9. e5 Ne4 10. Nxe4 dxe4 11. Ng1 Bf5 12. g4 Bc8 13. f4 exf3 14. Bxf3 a5 15. h4 Nb4 16. a3 Nd5 17. h5 Be6 18. Ne2 b5 19. Nf4 Nxf4 20. Bxf4 Bd5 21. Bxd5 Qxd5 22. hxg6 fxg6 23. Bg5 Qa2 24. Qh2 h5 25. gxh5 Rf5 26. hxg6 Rxg5 27. Rdf1 Bf6 28. Qh7+ Kf8 29. Qh8+ Qg8 30. Rxf6+ exf6 31. Qxf6+ Ke8 32. Rh8 Kd7 33. Rxg8 Rg1+ 34. Kd2 Rxg8 35. Qf7+ 1-0

[Event "CZE-chT2C 1819"]
[Site "Czech Republic"]
[Date "2019.01.27"]
[Round "7.5"]
[White "Kolar, Pavel"]
[Black "Stepan, Michal"]
[Result "1/2-1/2"]
[WhiteElo "2149"]
[BlackElo "2087"]
[PlyCount "166"]
[EventDate "2018.10.14"]
[EventType "team-tourn"]
[EventRounds "11"]
[EventCountry "CZE"]
[SourceTitle "EXT 2022"]
[Source "ChessBase"]
[SourceDate "2021.10.06"]
[SourceVersion "1"]
[SourceVersionDate "2021.10.06"]
[SourceQuality "1"]
[WhiteTeam "Lysa nad Labem III"]
[BlackTeam "Hradec Kralove II"]
[WhiteTeamCountry "CZE"]
[BlackTeamCountry "CZE"]

1. e4 Nc6 2. Nf3 Nf6 3. e5 Ng4 4. d4 d6 5. exd6 Qxd6 6. Be2 g6 7. Nc3 a6 8. Ne4 Qd5 9. Ng3 Bg7 10. 0-0 Nxd4 11. Nxd4 Qxd4 12. Qe1 Ne5 13. c3 Qh4 14. f4 Ng4 15. h3 Nh6 16. Nh5 Qxe1 17. Nxg7+ Kf8 18. Rxe1 Kxg7 19. Bf3 Re8 20. Be3 Nf5 21. Bf2 Rb8 22. Ba7 Ra8 23. Bf2 Nd6 24. c4 c6 25. Rad1 Kf8 26. b3 Be6 27. g4 Rad8 28. Re2 Nc8 29. Rde1 Rd3 30. Kg2 Red8 31. Re5 Rd2 32. f5 Bd7 33. a4 f6 34. Ra5 gxf5 35. gxf5 Nd6 36. Bg4 Bc8 37. Kg1 Rxf2 38. Kxf2 b6 39. c5 bxa5 40. cxd6 exd6 41. Rc1 c5 42. Ke3 Re8+ 43. Kf4 Re5 44. h4 Bb7 45. Rc3 Bc8 46. Bh3 Bd7 47. Bg4 Be8 48. Bf3 Bd7 49. Be4 d5 50. Bd3 d4 51. Rc1 Ke7 52. h5 Be8 53. h6 Kd6 54. Bc4 Bd7 55. Bd3 Re3 56. Rd1 Rh3 57. Kg4 Rxh6 58. Bxa6 Bc6 59. Re1 Bd5 60. Re8 Bxb3 61. Rd8+ Ke5 62. Re8+ Kd6 63. Rd8+ Ke7 64. Rc8 Bd1+ 65. Kg3 Kd6 66. Rd8+ Ke5 67. Re8+ Kxf5 68. Bd3+ Kg5 69. Rg8+ Rg6 70. Bxg6 hxg6 71. Rc8 Bxa4 72. Rxc5+ f5 73. Rd5 Bc2 74. Rxd4 a4 75. Rc4 Bb3 76. Rb4 Kh6 77. Kf4 Bc2 78. Rc4 Bd1 79. Rc1 Bb3 80. Rc3 Be6 81. Rh3+ Kg7 82. Kg5 Bb3 83. Rc3 Kf7 1/2-1/2

[Event "Pardubice Czech op-E 29th"]
[Site "Pardubice"]
[Date "2018.07.13"]
[Round "2"]
[White "Kolar, Pavel"]
[Black "Vrana, Jan"]
[Result "0-1"]
[WhiteElo "2168"]
[BlackElo "2328"]
[PlyCount "98"]
[EventDate "2018.07.12"]
[EventType "team"]
[EventRounds "7"]
[EventCountry "CZE"]
[SourceTitle "EXT 2019"]
[Source "ChessBase"]
[SourceDate "2018.10.10"]
[SourceVersion "1"]
[SourceVersionDate "2018.10.10"]
[SourceQuality "1"]
[WhiteTeam "Lysa nad Labem Joly"]
[BlackTeam "Polabiny"]
[WhiteTeamCountry "CZE"]
[BlackTeamCountry "CZE"]

1. e4 e5 2. f4 Nc6 3. Nf3 f5 4. Qe2 fxe4 5. Nxe5 Nf6 6. d3 Qe7 7. Nxc6 dxc6 8. Nc3 Bf5 9. dxe4 Nxe4 10. Bd2 Nxd2 11. Qxe7+ Bxe7 12. Kxd2 0-0-0+ 13. Bd3 Bf6 14. Rad1 g5 15. Kc1 Bxd3 16. Rxd3 Rxd3 17. cxd3 gxf4 18. Rf1 Rg8 19. Rf2 Bd4 20. Re2 Kd7 21. Ne4 c5 22. Kc2 Rg6 23. h3 Re6 24. Kd1 Ra6 25. b3 Rg6 26. Nd2 Kd6 27. Nf3 Rg3 28. Kc2 Kd5 29. Kd1 h5 30. Ke1 Be3 31. Kf1 Rg6 32. Rc2 a5 33. Re2 a4 34. bxa4 Ra6 35. g3 Rxa4 36. gxf4 Bxf4 37. Rb2 b6 38. Ke2 Ra8 39. Kf2 Rg8 40. Re2 b5 41. Re7 Ra8 42. Re2 Ra3 43. Ne1 h4 44. Kf3 Bg3 45. Nc2 Rxd3+ 46. Kg4 Kc4 47. Ne3+ Kc3 48. Nf5 c4 49. Ne3 Rd2 0-1

[Event "CZE-chT1W 1718"]
[Site "Czech Republic"]
[Date "2018.04.15"]
[Round "11.4"]
[White "Vrana, Jan"]
[Black "Kolar, Pavel"]
[Result "1-0"]
[WhiteElo "2299"]
[BlackElo "2189"]
[PlyCount "69"]
[EventDate "2017.10.29"]
[EventType "team-tourn"]
[EventRounds "11"]
[EventCountry "CZE"]
[SourceTitle "EXT 2019"]
[Source "ChessBase"]
[SourceDate "2018.10.10"]
[SourceVersion "1"]
[SourceVersionDate "2018.10.10"]
[SourceQuality "1"]
[WhiteTeam "Polabiny II"]
[BlackTeam "Lysa nad Labem III"]
[WhiteTeamCountry "CZE"]
[BlackTeamCountry "CZE"]

1. e4 e6 2. d4 d5 3. Nd2 Nf6 4. e5 Nfd7 5. Bd3 c5 6. c3 Nc6 7. Ne2 cxd4 8. cxd4 f6 9. exf6 Nxf6 10. Nf3 Bd6 11. 0-0 0-0 12. Bf4 Bxf4 13. Nxf4 Ng4 14. Qd2 Qf6 15. Ne2 Qh6 16. Qxh6 Nxh6 17. Ne5 Nb4 18. Bb5 a6 19. Ba4 b5 20. Bb3 Nf7 21. f4 Nxe5 22. dxe5 Nd3 23. Rab1 Ra7 24. Rf3 Nc5 25. Rc1 Ne4 26. Nd4 Nd2 27. Rf2 Ne4 28. Rfc2 Bd7 29. f5 exf5 30. Bxd5+ Kh8 31. e6 Be8 32. Rc7 Rxc7 33. Rxc7 g6 34. e7 Rf6 35. Bxe4 1-0

[Event "CZE-chT1W 1718"]
[Site "Czech Republic"]
[Date "2017.11.26"]
[Round "3.5"]
[White "Kolar, Pavel"]
[Black "Schula, Michal"]
[Result "1/2-1/2"]
[WhiteElo "2189"]
[BlackElo "2315"]
[PlyCount "144"]
[EventDate "2017.10.29"]
[EventType "team-tourn"]
[EventRounds "11"]
[EventCountry "CZE"]
[SourceTitle "EXT 2019"]
[Source "ChessBase"]
[SourceDate "2018.10.10"]
[SourceVersion "1"]
[SourceVersionDate "2018.10.10"]
[SourceQuality "1"]
[WhiteTeam "Lysa nad Labem III"]
[BlackTeam "Neratovice"]
[WhiteTeamCountry "CZE"]
[BlackTeamCountry "CZE"]

1. e4 c5 2. Nf3 e6 3. b3 d6 4. Bb2 Nc6 5. g3 Nf6 6. d3 Be7 7. Bg2 0-0 8. 0-0 Rb8 9. a4 a6 10. Nbd2 b5 11. axb5 axb5 12. e5 Ne8 13. exd6 Nxd6 14. Qe2 Bb7 15. Ne5 Nxe5 16. Bxe5 Bxg2 17. Kxg2 Ra8 18. Qf3 Nf5 19. Rxa8 Qxa8 20. Ra1 Qc8 21. Ra7 Bd6 22. Bxd6 Nxd6 23. Ne4 Nf5 24. Qf4 Nd4 25. Rc7 Qa8 26. Qg5 Nxc2 27. Kh3 Qa1 28. Qxc5 Nd4 29. Nd2 h6 30. Rd7 Qd1 31. Qxd4 Qxd2 32. Kg2 Qg5 33. h4 Qf5 34. b4 Rc8 35. Rb7 Kh7 36. g4 e5 37. Rxb5 exd4 38. Rxf5 Rc3 39. Rxf7 Kg6 40. Rd7 Rxd3 41. b5 Rb3 42. Rd6+ Kf7 43. b6 Ke7 44. Rxd4 Rxb6 45. Rf4 Rb3 46. Rf3 Rb4 47. Kg3 Ra4 48. g5 hxg5 49. hxg5 Ra6 50. Kg4 g6 51. Rh3 Ra4+ 52. f4 Kf7 53. Rh7+ Kg8 54. Rd7 Rb4 55. Kf3 Ra4 56. Ke3 Rb4 57. Rd4 Rb1 58. Ke4 Re1+ 59. Kd5 Kf7 60. Kd6 Re2 61. Kc7 Re7+ 62. Kc6 Re6+ 63. Kc5 Re1 64. Rd7+ Kf8 65. Kd5 Re2 66. Rd6 Kg7 67. Re6 Rd2+ 68. Ke5 Re2+ 69. Kd6 Rd2+ 70. Ke7 Rd4 71. Rf6 Re4+ 72. Kd6 Ra4 1/2-1/2